Evaluation of large ruminants for the tropics (Record no. 8553)
[ view plain ]
| 000 -LEADER | |
|---|---|
| fixed length control field | 00239nam a22001097a 4500 |
| 040 ## - CATALOGING SOURCE | |
| Transcribing agency | HS |
| 082 ## - DEWEY DECIMAL CLASSIFICATION NUMBER | |
| Classification number | 361 |
| 100 ## - MAIN ENTRY--AUTHOR NAME | |
| Personal name | COPLAND |
| 245 ## - TITLE STATEMENT | |
| Title | Evaluation of large ruminants for the tropics |
| 260 ## - PUBLICATION, DISTRIBUTION, ETC. (IMPRINT) | |
| Place of publication | Australia |
| Name of publisher | COPLAND |
| Year of publication | 1984 |
| 942 ## - ADDED ENTRY ELEMENTS (KOHA) | |
| Koha item type | សៀវភៅភាសាអង់គ្លេស |
| 952 ## - LOCATION AND ITEM INFORMATION (KOHA) | |
| Withdrawn status [LOCAL, KOHA] | 0 |
| 952 ## - LOCATION AND ITEM INFORMATION (KOHA) | |
| Withdrawn status [LOCAL, KOHA] | 0 |
| 952 ## - LOCATION AND ITEM INFORMATION (KOHA) | |
| Withdrawn status [LOCAL, KOHA] | 0 |
| Permanent Location | Date acquired | Koha item type | Lost status | Barcode | Shelving location | Current Location | Full call number |
|---|---|---|---|---|---|---|---|
| Library Block B | 2016-08-03 | សៀវភៅភាសាអង់គ្លេស | RUA061850 | Library Block B | 361 COP 1984 | ||
| Library Block C | 2016-08-03 | សៀវភៅភាសាអង់គ្លេស | RUA062404 | C196 | Library Block C | 361 COP 1984 C196 | |
| Library Block C | 2016-09-06 | សៀវភៅភាសាអង់គ្លេស | RUA045823 | C064 | Library Block C | 361 COP 1984 C064 |